000 00368nam a2200121 4500
999 _c12419
_d12419
008 190125b ||||| |||| 00| 0 eng d
100 _935045
_aLeyco, Chino S.
245 _aDOF orders probe on illegal cigarette-making machines/
_cChino S. Leyco
260 _aPhilippines
_bManila Bulletin
_cc2018
300 _apage B-6.
650 0 _935048
_aCrimes.
942 _2ddc
_cPER